Normal view MARC view

Entry Personal Name

Number of records used in: 8

001 - CONTROL NUMBER

  • control field: 68219

003 - CONTROL NUMBER IDENTIFIER

  • control field: dpl

005 - DATE AND TIME OF LATEST TRANSACTION

  • control field: 20240708142544.0

008 - FIXED-LENGTH DATA ELEMENTS

  • fixed length control field: 240708|| aca||aabn | a|a d

040 ## - CATALOGING SOURCE

  • Original cataloging agency: dpl
  • Transcribing agency: dpl

100 ## - HEADING--PERSONAL NAME

  • Personal name: Kelvin Lane Keller, Alexander Cherinev , Jagdish N. Sheth, G.Shainesh

670 ## - SOURCE DATA FOUND

  • Source citation: Work cat.: (dpl)204002: by Kotler, Philips 63720, Marketing Management, 2022

© Delhi Public Library
Hit Counter
free hit counter